00960cam a22002534a 450000500170000000800410001702000150005804000290007304100080010204400070011008200180011710000230013524500820015826000520024030000650029265000380035765000380039565000270043365000340046070000270049494200150052199900150053695201550055120160429104507.0991005s1999 njua 001 0 eng  a0130170070 aDLCcDLCdDLCdCO-BoIAVH0 aspa ack00a005.133bL67m1 aLewis, Bil.eautor10aMultithreaded programming with Java technology /cBil Lewis y Daniel J. Berg. aUpper Saddle River, NJ :bPrentice Hall,c2000. axxv, 461 páginas :bilustraciones ;c24 x 18 centímetros14aJava (Lenguaje de programación)24aThreads (Programa de computadora)26aModelo de simulación24aArquitectura de información1 aBerg, Daniel J.eautor 2ddccLIBRO c2593d2593 00102ddc40708TICaVillabVillad2002-04-18eVarón, Andrésl0oLB-005.133 L67mp014079r2012-12-04 00:00:00tEj. 1w2012-12-04xDonacionyLIBRO